书目信息 |
| 题名: |
中国传统工艺全集
|
|
| 作者: | 路甬祥 总主编 ;钱小萍 主编 | |
| 分册: | 丝绸织染 | |
| 出版信息: | 郑州 大象出版社 2005 |
|
| 页数: | 547页 | |
| 开本: | 30cm | |
| 丛书名: | ||
| 单 册: | ||
| 中图分类: | TS145.3-092 , TS95-092 | |
| 科图分类: | ||
| 主题词: | 丝绸--织造--技术史--中国 , 丝绸--染整--技术史--中国 , 手工业 , 技术史 , 丝绸 , 织造 , 手工业--技术史--中国 , 染整 | |
| 电子资源: | ||
| ISBN: | 7-5347-3320-0 | |
| 000 | 01284nam0 2200337 450 | |
| 001 | 002898395 | |
| 005 | 20070805094321.90 | |
| 010 | @a7-5347-3320-0@b精装@dCNY564.50 | |
| 100 | @a20050316d2005 em y0chiy0110 ea | |
| 101 | 0 | @achi@deng@eeng |
| 102 | @aCN@b410000 | |
| 105 | @aa z 001yy | |
| 200 | 1 | @a中国传统工艺全集@9zhong guo chuan tong gong yi quan ji@i丝绸织染@f路甬祥总主编@g钱小萍主编 |
| 210 | @a郑州@c大象出版社@d2005 | |
| 215 | @a547页@c照片,图@d30cm | |
| 300 | @a中国科学院“九五”重大科研项目 国家新闻出版总署“九五”重点图书出版项目 中国科学院自然科学史研究所主办 中国科学技术史学会传统工艺研究会和上海分会协办 中国科学院和大象出版社共同资助编纂出版 | |
| 330 | @a全书在时间上几乎跨越了中国丝绸科技演变和发展的5000余年的历史,在内容上从传统的载桑、养蚕、取丝、制线、织造、印染等从制作工艺到技术奥秘等方面作了全面的记载。 | |
| 606 | 0 | @a丝绸@x织造@x技术史@y中国 |
| 606 | 0 | @a丝绸@x染整@x技术史@y中国 |
| 606 | 0 | @a手工业 |
| 606 | 0 | @a技术史 |
| 606 | 0 | @a丝绸 |
| 606 | 0 | @a织造 |
| 606 | 0 | @a手工业@x技术史@y中国 |
| 606 | 0 | @a染整 |
| 690 | @aTS145.3-092@v4 | |
| 690 | @aTS95-092@v4 | |
| 701 | 0 | @a路甬祥@9lu yong xiang@f(1942~)@4总主编 |
| 702 | 0 | @a钱小萍@9qian xiao ping@4主编 |
| 801 | 0 | @aCN@bNLC@c20070805 |
| 905 | @a10447@dTS95-092@e11 | |
| 中国传统工艺全集.丝绸织染/路甬祥总主编/钱小萍主编.-郑州:大象出版社,2005 |
| 547页:照片,图;30cm |
| 中国科学院“九五”重大科研项目 国家新闻出版总署“九五”重点图书出版项目 中国科学院自然科学史研究所主办 中国科学技术史学会传统工艺研究会和上海分会协办 中国科学院和大象出版社共同资助编纂出版 |
| ISBN 7-5347-3320-0(精装):CNY564.50 |
| 全书在时间上几乎跨越了中国丝绸科技演变和发展的5000余年的历史,在内容上从传统的载桑、养蚕、取丝、制线、织造、印染等从制作工艺到技术奥秘等方面作了全面的记载。 |
| ● |
| 相关链接 |
|
|
|
|
正题名:中国传统工艺全集
索取号:TS95-092/11
 
预约/预借
| 序号 | 登录号 | 条形码 | 馆藏地/架位号 | 状态 | 备注 |
| 1 | 0807295 | 208072958 | 第二样本阅览室/ [索取号:TS95-092/11] | 在馆 | |
| 2 | 0807296 | 208072967 | 第三借阅区/ [索取号:TS95-092/11] | 在馆 |